UM Logo

Children's literature/ (Record no. 15700)

MARC details
000 -LEADER
fixed length control field 00515nam a22001697a 4500
008 - FIXED-LENGTH DATA ELEMENTS--GENERAL INFORMATION
fixed length control field 201023b ||||| |||| 00| 0 eng d
020 ## - INTERNATIONAL STANDARD BOOK NUMBER
International Standard Book Number 9715740014
082 ## - DEWEY DECIMAL CLASSIFICATION NUMBER
Edition number 1997
Classification number DFil 808.899282
Item number P21
100 ## - MAIN ENTRY--PERSONAL NAME
Personal name Parayno, Salud M.
9 (RLIN) 42478
245 ## - TITLE STATEMENT
Title Children's literature/
Statement of responsibility, etc. Salud M. Parayno
250 ## - EDITION STATEMENT
Edition statement Rev. ed.
260 ## - PUBLICATION, DISTRIBUTION, ETC. (IMPRINT)
Place of publication, distribution, etc. Quezon City:
Name of publisher, distributor, etc. Katha Pub.,
Date of publication, distribution, etc. ©1997.
300 ## - PHYSICAL DESCRIPTION
Extent 131 pages;
Dimensions 25 cm.
500 ## - GENERAL NOTE
General note Includes bibliographical references.
650 ## - SUBJECT ADDED ENTRY--TOPICAL TERM
Topical term or geographic name as entry element Children's literature.
9 (RLIN) 42479
942 ## - ADDED ENTRY ELEMENTS (KOHA)
Source of classification or shelving scheme Dewey Decimal Classification
Koha item type Filipiniana
Holdings
Withdrawn status Lost status Source of classification or shelving scheme Damaged status Not for loan Collection code Home library Current library Date acquired Source of acquisition Total Checkouts Full call number Barcode Date last seen Copy number Cost, replacement price Price effective from Koha item type
    Dewey Decimal Classification     Filipiniana UM Digos College - LIC UM Digos College - LIC 09/01/2007 Purchase   DFil 808.899282 P21 1997 15963 05/15/2025 1 180.00 10/23/2020 Filipiniana
    Dewey Decimal Classification     Filipiniana UM Digos College - LIC UM Digos College - LIC 09/01/2007 Purchase   DFil 808.899282 P21 1997 15272 05/15/2025 2 180.00 10/23/2020 Filipiniana
    Dewey Decimal Classification     Filipiniana UM Digos College - LIC UM Digos College - LIC 09/01/2007 Purchase   DFil 808.899282 P21 1997 19231 05/15/2025 3 180.00 10/23/2020 Filipiniana